000 00490nam a2200181Ia 4500
005 20250326130338.0
008 250326s9999 xx 000 0 und d
037 _aTextbook
040 _aFMSL
_beng
_cFMSL
041 _aeng
_2eng
084 _aX:8 L3
_qFMSL
100 _aKulkarni R S
_9612559
245 0 _aIndustrial adminisation
_cKulkarni R S
260 _aNew Delhi
_bNew Delhi, Progressive
_c1973
300 _a347p
942 _cTB
_hX:8 L3
999 _c1282065
_d1282065